000 00777nam a2200265Ia 4500
003 OSt
005 20220924114813.0
006 a|||||r|||| 00| 0
007 ta
008 220923b |||||||| |||| 00| 0 ara d
020 _a9789774480270 (pbk)
020 _c800
024 _a281551
037 _b606, 04/09/2014, Nadwi Publications
_cTextual
040 _aARTS
_cARTS
_bara
041 _2ara
_aara
082 _aO28,2N42x, Q2
100 _aJundi Yousra Au.
_9175472
245 0 _aMukhtarat min amal yasriul jundi
260 _aCairo
_bEgyption Book Org
_c2012
300 _a411p.
_ccm.
650 _aARABIC DRAMA
942 _hO28,2N42x, Q2
_cTEXL
_2CC
999 _c395379
_d395379